| 000 | 00785cam a22002534a 4500 | ||
|---|---|---|---|
| 001 | 13552262 | ||
| 005 | 20180223070905.0 | ||
| 008 | 040408s2005 ilua b 001 0 eng | ||
| 010 | _a 2004008300 | ||
| 020 | _a073604907X (soft cover) | ||
| 040 |
_aDLC _cDLC _dDLC |
||
| 041 | _aeng | ||
| 042 | _apcc | ||
| 043 | _an-us--- | ||
| 080 | _a613.71 KEN | ||
| 082 | 0 | 0 |
_a613.71 KEN _222 |
| 100 | 1 | _a8 | |
| 101 | _aEKF | ||
| 245 | 1 | 0 |
_aMethods of group exercise instruction / _cCarol A. Kennedy, Mary M. Yoke. |
| 504 | _aIncludes bibliographical references (p. 237-245) and index. | ||
| 906 |
_a7 _bcbc _corignew _d1 _eecip _f20 _gy-gencatlg |
||
| 942 |
_2ddc _cBK |
||
| 999 |
_c43240 _d43240 |
||